<The> sustainable urban development reader
Salvato in:
| Altri autori: | , |
|---|---|
| Natura: | Libro |
| Lingua: | inglese |
| Pubblicazione: |
London
Routledge
2004
|
| Serie: | <The> Routledge urban reader series
|
| Soggetti: | |
| Tags: |
Nessun Tag, puoi essere il primo ad aggiungerne!!
|
MARC
| LEADER | 00000nam$a2200000$$$4500 | ||
|---|---|---|---|
| 001 | 0047177 | ||
| 005 | 20240104134402.3 | ||
| 020 | |a 0-415-31187-X | ||
| 041 | 0 | |a eng | |
| 044 | |a GB | ||
| 245 | 1 | 0 | |a <The> sustainable urban development reader |c edited by Stephen M. Wheeler and Timothy Beatley |
| 264 | 1 | |a London |b Routledge |c 2004 | |
| 300 | |a xiii, 348 s. | ||
| 490 | 1 | |a <The> Routledge urban reader series | |
| 830 | 0 | |a <The> Routledge urban reader series | |
| 610 | 2 | 0 | |a mestá |
| 610 | 2 | 0 | |a obyvateľstvo |
| 610 | 2 | 0 | |a aglomerácie mestské |
| 610 | 2 | 0 | |a stavba miest |
| 610 | 2 | 0 | |a urbanizácia |
| 610 | 2 | 0 | |a plánovanie územné |
| 610 | 2 | 0 | |a urbanizmus |
| 610 | 2 | 0 | |a veľkomestá |
| 610 | 2 | 0 | |a doprava |
| 610 | 2 | 0 | |a plánovanie krajiny |
| 610 | 2 | 0 | |a rozvoj územný |
| 700 | 1 | |a Wheeler, Stephen M. | |
| 700 | 1 | |a Beatley, Timothy | |